Management des systemes complexes : pense systemique et intervention dans les organisations
Saved in:
| Other Authors: | |
|---|---|
| Format: | Book |
| Language: | French |
| Published: |
[Bruxelles] :
De Boeck & Larcier,
[c1998]
|
| Series: | Management
|
| Subjects: | |
| Tags: |
Add Tag
No Tags, Be the first to tag this record!
|
MARC
| LEADER | 00000cam a2200000 i 4500 | ||
|---|---|---|---|
| 001 | 1/3440 | ||
| 008 | 100120s1998 fre d | ||
| 020 | |a 2-8041-1731-6 | ||
| 035 | |l 10106377 | ||
| 040 | |a GR-MY-UA |b gre |e aacr | ||
| 041 | 0 | |a fre | |
| 082 | 0 | |a 658.001 |2 (22) | |
| 245 | 1 | 0 | |a Management des systemes complexes : |b pense systemique et intervention dans les organisations / |c Michel Bonami...[κ.ά.] |
| 260 | |a [Bruxelles] : |b De Boeck & Larcier, |c [c1998] | ||
| 300 | |a 266 σ.; |c 24 εκ. | ||
| 490 | 1 | |a Management | |
| 504 | |a Βιβλιογραφία: σ. 253-256. Ευρετήριο | ||
| 650 | 0 | 0 | |a Management |x Philosophy. |
| 650 | 0 | 0 | |a Organizational behavior |x Management. |
| 700 | 1 | |a Bonami, Michel. | |
| 852 | |a INST |b RHODES |e 20100120 |h 658.001 MAN |p 005400032287 |q 005400032287 |t BK |y 0 | ||
| 901 | |a BIBL4-2010-1 | ||
| 909 | |a Ρ |b 159517 | ||
| 970 | |a ΚΟΖΑ |b ΜΑΡΙΑ |z 2010/01/20 | ||